000 01159nam a2200313 a 4500
001 0000255
003 DO-SdBNP
005 20180307085126.0
007 0000255
008 150211s20uu dr abc 000 0 spa d
020 _z978994540055X
040 _aBPMSU
_bspa
_cBPMSU
092 _axxxx
_bxxxx
100 1 _aGil bueno, Omar
245 0 0 _aArtística 5 :
_bbásica /
_cOmar Gil Bueno, Luisa A. Mateo Dicló ; producción editorial María del Jesús de la Rosa ; ilustraciones Ramón Sandoval.
260 _aSanto Domingo :
_bActualidad Escolar 2000,
_c[20uu]
300 _a128 p. :
_bil., mapas, retrs. ;
_c22 cm.
500 _aIncluye el libros del maestro
504 _aBibliografía p: xxiv
505 0 _tLa educación artística --
_tMe conozco --
_tLa exploración y observación --
_tLa expressión artística --
_tEl arte y sus formas --
_tEl arte, la cultura y la historia /
700 1 _aGil bueno, Omar
700 1 _aMateo Dicló, Luisa A.
700 1 _aDel Jesús de la Rosa, María
_eprod. ed.
700 1 _aSandoval, Ramón
_eil.
910 _a00144
942 _2ddc
_cBK
945 _aInventariado/ 2018 VM
956 _aYLOCKWARD
_b10
999 _c9631
_d9631